Una aproximación a la acuarela / (Record no. 1134)
[ view plain ]
| 000 -LEADER | |
|---|---|
| campo de control de longitud fija | 00735nam a22001697a 4500 |
| 008 - DATOS DE LONGITUD FIJA--INFORMACIÓN GENERAL | |
| campo de control de longitud fija | 170204s2016 cr||||| |||| 00| 0 spa d |
| 082 04 - NÚMERO DE LA CLASIFICACIÓN DECIMAL DEWEY | |
| Número de clasificación | 751.422 |
| Número de ítem | U75a |
| 100 1# - ENTRADA PRINCIPAL--NOMBRE DE PERSONA | |
| Nombre de persona | Ureña Rodríguez, Jose Pablo. |
| 9 (RLIN) | 5717 |
| 245 10 - MENCIÓN DEL TÍTULO | |
| Título | Una aproximación a la acuarela / |
| Mención de responsabilidad, etc. | Jose Pablo Ureña Rodríguez. |
| 250 ## - MENCION DE EDICION | |
| Mención de edición | 1a ed. |
| 260 ## - PUBLICACIÓN, DISTRIBUCIÓN, ETC. | |
| Lugar de publicación, distribución, etc. | San José, Costa Rica : |
| Nombre del editor, distribuidor, etc. | Ediciones 1390, |
| Fecha de publicación, distribución, etc. | 2016. |
| 300 ## - DESCRIPCIÓN FÍSICA | |
| Extensión | 32 p. |
| 500 ## - NOTA GENERAL | |
| Nota general | Esta publicación se terminó de imprimir en el mes de abril de 2016, como parte del programa Alter Academia de Fundación Teor/ética. Como primera edición cuenta con 30 ejemplares, producidos bajo la supervisión de Adrián Flores Sancho. |
| 653 10 - TÉRMINO DE INDIZACIÓN--NO CONTROLADO | |
| Término no controlado | Pintura |
| 653 10 - TÉRMINO DE INDIZACIÓN--NO CONTROLADO | |
| Término no controlado | Acuarela - Técnicas |
| 653 10 - TÉRMINO DE INDIZACIÓN--NO CONTROLADO | |
| Término no controlado | Arte - Costa Rica |
| Estatus retirado | Estado de pérdida | Fuente del sistema de clasificación o colocación | Estado de daño | No para préstamo | Biblioteca de origen | Biblioteca actual | Ubicación en estantería | Fecha de adquisición | Total de préstamos | Signatura topográfica completa | Código de barras | Visto por última vez | Precio de reemplazo | Tipo de ítem Koha |
|---|---|---|---|---|---|---|---|---|---|---|---|---|---|---|
| Clasificación Decimal Dewey | Biblioteca LadoV | Biblioteca LadoV | 04/02/2017 | 751.422 U75a | 004289 | 04/02/2017 | 04/02/2017 | Material 01 |
